000 00838nam a22002177a 4500
999 _c17036
_d17036
003 AR-CdUCM
008 190329b ||||| |||| 00| 0 spa d
020 _a84-231-0584-9
040 _aMUNICIPALIDAD PROVINCIAL DEL CUSCO
_cBIBLIOTECA MUNICIPAL DEL CUSCO
082 _a909 /
_bG82
100 _aGrimberg, Carl
_91720
245 _aLa edad media :
_bEl choque de dos mundos : Oriente y Occidente /
260 _aSuecia :
_bDaimon.,
_c1967.
300 _a399 tomos ;
_c19 cm.
440 _aHistoria universal Daimon.
_n4.
_936850
505 _aContenido :v.4. La antigüedad en Asia Oriental -- Las grandes invasiones -- Las invasiones Árabes -- El califato occidental -- La época de las primeras cruzadas ...
650 _aHistoria universal.
_91423
650 _aEdad media.
_9454
942 _2ddc
_cLIBROS
945 _arum
_d2019-05-07